Top 10 des marqueurs d'essais en équipe de france de Rugby (XV) - Statistiques

Statistiques générales
  • Ce quiz a été pris 47 fois
  • Le résultat moyen est 6 sur 10
Statistiques - réponses
Rang Poste Période Nombre de capes Nombre d'essais marqués Joueur % Correct
1 Ailier 2017- en cours 56 38 Damian Penaud
98%
3 Ailier 2002-2013 67 34 Vincent Clerc
85%
1 Arrière 1980-1991 93 38 Serge Blanco
80%
8 Ailier/arrière 1998-2007 67 25 Christophe Dominici
63%
4 Centre 1982-1995 111 30 Philippe Sella
55%
9 Centre /ailier 2001-2012 76 23 Aurélien Rougerie
53%
4 Ailier 1990-1997 69 32 Philippe Saint-André
50%
6 Ailier 1992-2001 41 26 Philippe Bernat-Salles
35%
6 Ailier/centre 1994-2000 46 26 Émile Ntamack
30%
9 Ailier 1957-1967 40 23 Christian Darrouy
8%
Aucun quiz correspondant
Distribution des résultats
% des personnes avec chaque résultat
Percentile par nombre de réponses
Votre historique - résultats
Vous n’avez pas pris ce quiz